01009 2200337 4500001002100000005001500021035002000036007000300056008004100059020002200100040002200122082001400144084001600158090002000174090002200194100002600216245008800242250002000330300005100350650002200401700002700423850001200450990002200462504003300484264003600517336002100553337003000574338002300604999002200627990002200649INLIS00000000085742320210312111044 a0010-0321000446ta210312s2020 yoia gr ind d a978-623-7498-59-9 aYOPDYOGbinderda04223a006.3 a006.3 YAY m aDEP 006.3 YAY m aCB-D.11 2020-08840 aYaya Heryadiepenulis10aMachine learning :bkonsep dan implementasi /cpenulis, Yaya Heryadi, Teguh Wahyono aCetakan I, 2020 axiv, 178 halaman :bilustrasi, gambar ;c23 cm 4aKecerdasan buatan0 aTeguh Wahyonoepenulis aYOPDYOG aCB-D.11/2020-0884 aBibliografi: halaman 175-17731aYogyakarta :bGava Media,c2020 2rdacontentateks 2rdamediaatanpa perantara 2rdacarrieravolume aCB-D.11/2020-0884 aCB-D.11/2020-0884